Statistics for Colors from "Joseph and the Amazing Technicolor Dream Coat"

Click here to take the quiz!

General Stats

  • This quiz has been taken 374 times
  • The average score is 20 of 28

Answer Stats

red% Correct
yellow
99%
green
98%
blue
94%
brown
91%
orange
91%
black
90%
pink
88%
purple
87%
violet
85%
gold
79%
white
78%
peach
76%
silver
76%
scarlet
75%
crimson
70%
ruby
69%
grey
66%
mauve
65%
olive
64%
cream
63%
chocolate
62%
lemon
58%
fawn
53%
ochre
51%
rose
51%
russet
51%
lilac
50%
azure
47%

Score Distribution

Percentile by Number Answered

Percent of People with Each Score

Your Score History

You have not taken this quiz